Memorias / (Registro nro. 4213)

Detalles MARC
000 -LEADER
fixed length control field 01065nam a2200265Ia 4500
003 - CONTROL NUMBER IDENTIFIER
control field OSt
005 - DATE AND TIME OF LATEST TRANSACTION
control field 20200505120655.0
008 - FIXED-LENGTH DATA ELEMENTS--GENERAL INFORMATION
fixed length control field 191128s2011 ck a gr 000 0 und d
040 ## - CATALOGING SOURCE
Original cataloging agency CO-JMCR
Transcribing agency CO-JMCR
041 0# - LANGUAGE CODE
Language code of text/sound track or separate title spa
082 04 - DEWEY DECIMAL CLASSIFICATION NUMBER
Classification number 306.0898 /
Item number M533m
110 1# - MAIN ENTRY--CORPORATE NAME
Corporate name or jurisdiction name as entry element Encuentro Internacional de Culturas Andinas
9 (RLIN) 3932
245 10 - TITLE STATEMENT
Title Memorias /
Statement of responsibility, etc. Segundo Encuentro Internacional de Culturas Andinas ; fotografías Luis Ponce, Eric Bauer, Yuri René Rosero.
260 ## - PUBLICATION, DISTRIBUTION, ETC.
Place of publication, distribution, etc. Pasto :
Name of publisher, distributor, etc. Gobernación del Nariño,
Date of publication, distribution, etc. 2011
300 ## - PHYSICAL DESCRIPTION
Extent 240 páginas :
Other physical details ilustraciones ;
Dimensions 22 cm + 1 CD.
505 ## - FORMATTED CONTENTS NOTE
Formatted contents note Saberes ancestralesy medicina tradicional indígena --Biodiversidad -- -- Patrimonio cultural
650 14 - SUBJECT ADDED ENTRY--TOPICAL TERM
Topical term or geographic name entry element Cultura
General subdivision Países Andinos
9 (RLIN) 3933
650 24 - SUBJECT ADDED ENTRY--TOPICAL TERM
Topical term or geographic name entry element Congresos
General subdivision Conferencias Cultura popular
9 (RLIN) 3934
650 24 - SUBJECT ADDED ENTRY--TOPICAL TERM
Topical term or geographic name entry element Países Andinos
General subdivision Congresos,
9 (RLIN) 3935
650 24 - SUBJECT ADDED ENTRY--TOPICAL TERM
Topical term or geographic name entry element Conferencias
General subdivision Turismo cultural
9 (RLIN) 3936
700 1# - ADDED ENTRY--PERSONAL NAME
Personal name Ponce, Luis,
Relator term fotógrafo
9 (RLIN) 3937
700 1# - ADDED ENTRY--PERSONAL NAME
Personal name Bauer, Eric,
Relator term fotógrafo
9 (RLIN) 3938
700 1# - ADDED ENTRY--PERSONAL NAME
Personal name René Rosero, Yuri,
Relator term fotógrafa
9 (RLIN) 3939
942 ## - ADDED ENTRY ELEMENTS (KOHA)
Source of classification or shelving scheme Dewey Decimal Classification
Koha item type Books
Existencias
Withdrawn status Lost status Source of classification or shelving scheme Materials specified (bound volume or other part) Damaged status Not for loan Home library Current library Shelving location Date acquired Source of acquisition Cost, normal purchase price Total Checkouts Full call number Barcode Date last seen Date last checked out Copy number Price effective from Koha item type Public note
    Dewey Decimal Classification Donación--24/08/2018--     Biblioteca Pública José María del Castillo y Rada Biblioteca Pública José María del Castillo y Rada General Stacks 11/28/2019 Donación 0.00 5 306.0898 / M533m 201809042 02/11/2026 02/11/2026 Ej.1 11/28/2019 Books ISSN-2248-4213 El CD es complemento del libro.